000 00388nam a22001697a 4500
003 LK-CoDNM
005 20240909092807.0
008 240909b |||||||| |||| 00| 0 eng d
040 _aLK-CoDNM
_dLK-CoDNM
_eLK-CoDNM
041 _aeng
080 _a6
_bB23
100 _aUnknown
245 _aMemories Des Indes Orientales
260 _bParis
300 _a571p ; 15cm
942 _cBK
999 _c151494
_d151494